000 00711nam a2200205Ii 4500
003 JO-AjNU
008 230605s9999||||xx |||||||||||||| ||und||
040 _aJO-AjNU
_bara
_erda
_cJO-AjNU
041 _aara
050 1 4 _aBP144 2006
100 3 _aالريسوني، قطب,
_eauthor
_949046
245 0 0 _aالتراث المالكي الأندلسي في آثار الدارسين المعاصرين: دراسة وبيبليوجرافية
250 _aط1
264 3 1 _aأبو ظبي: دار الامام مالك، 2006
300 _a160ص
336 _atext
_btxt
_2rdacontent
337 _aunmediated
_bn
_2rdamedia
338 _avolume
_bnc
_2rdacarrier
650 4 _aالمذهب المالكي
_949047
999 _aA21518
_c25086
_d25086